Studies in the book: (Record no. 5228)

000 -LEADER
fixed length control field 00665nam a2200181 a 4500
001 - CONTROL NUMBER
control field :::00002970$&:&@@
003 - CONTROL NUMBER IDENTIFIER
control field OkBaRHE
005 - DATE AND TIME OF LATEST TRANSACTION
control field 20000607103258.0
008 - FIXED-LENGTH DATA ELEMENTS--GENERAL INFORMATION
fixed length control field s1890 j 000 0 eng u
040 ## - CATALOGING SOURCE
Transcribing agency
100 1# - MAIN ENTRY--PERSONAL NAME
Personal name Weidner, Revere Franklin.
245 10 - TITLE STATEMENT
Title Studies in the book:
Remainder of title containing studies on the New Testament historical books, the general epistles, and the apocalypse.
260 ## - PUBLICATION, DISTRIBUTION, ETC. (IMPRINT)
Place of publication, distribution, etc Chicago, IL., ;
Name of publisher, distributor, etc Fleming H. Revell
Date of publication, distribution, etc c1890
300 ## - PHYSICAL DESCRIPTION
Extent 120 p. ;
Dimensions 19 cm.
650 ## - SUBJECT ADDED ENTRY--TOPICAL TERM
Topical term or geographic name as entry element Bible New Testament
General subdivision Outlines, Syllabi, etc.
942 ## - ADDED ENTRY ELEMENTS (KOHA)
Source of classification or shelving scheme
Koha item type Books
Copies
Not for loan Shelving location Permanent Location Lost status Date last seen Barcode Full call number Copy number Source of classification or shelving scheme Date acquired Damaged status Koha item type Withdrawn status Price effective from
 General StacksRHEMA Bible Training College 2018-03-162970BS 2525 .W3321 2010-04-14 Books 2010-04-14